000 00297nam a22001337a 4500
008 170418b xxu||||| |||| 00| 0 eng d
020 _a9780760709696
041 _aeng
080 _a612.39
100 _a10
101 _aSHM
245 _aHISTORY OF FOOD
_cTOUSSSAINT-SAMAT, M
942 _2udc
_cBK
999 _c10927
_d10927